Normal view
MARC view
- التصوف الاسلامي
Entry Topical Term
001 - CONTROL NUMBER
- control field: 37129
003 - CONTROL NUMBER IDENTIFIER
- control field: JO-AjAnu
005 - DATE AND TIME OF LATEST TRANSACTION
- control field: 20230606080208.0
008 - FIXED-LENGTH DATA ELEMENTS
- fixed length control field: 230606|| aca||aabn | a|a d
040 ## - CATALOGING SOURCE
- Original cataloging agency: JO-AjAnu
- Transcribing agency: JO-AjAnu
150 ## - HEADING--TOPICAL TERM
- Topical term or geographic name entry element: التصوف الاسلامي
670 ## - SOURCE DATA FOUND
- Source citation: Work cat.: (JO-AjAnu)19054: الترمذي، الحكيم أبي عبد الله، أبي القاسم عبد الكريم بن هوازن القشيري؛ تقديم وتعليق ابراهيم شمس الدين , author 37128, رياضة النفس ويليه نحو القلوب